[Event "EYCC Girls U20 2021"]
[Site "Tornelo"]
[Date "2021.10.15"]
[Round "5.2"]
[White "Nosacheva, Mariya"]
[Black "Sliwicka, Alicja"]
[Result "1/2-1/2"]
[WhiteElo "2239"]
[BlackElo "2304"]
[Annotator "TA"]
[PlyCount "118"]
[EventDate "2021.10.15"]
[EventType "swiss"]
[EventCountry "NET"]
[SourceTitle "playchess.com"]
[Source "ChessBase"]
[SourceQuality "1"]

{[%evp 24,118,15,16,31,0,5,0,0,-45,42,43,99,60,52,54,57,57,53,47,53,59,48,34,56,4,49,-45,-43,-70,-78,-101,109,-74,-56,-104,-16,-16,-17,-17,-18,-17,-10,-21,0,-8,54,44,157,153,147,135,288,288,284,264,258,179,208,200,196,184,186,186,183,173,208,178,224,219,217,76,44,0,174,187,181,81,170,160,178,0,0,0,0,0,0,0,0,0,0,0,0,0,0,0,0]} 1. e4 e5 2. Nf3 Nc6 3. Bc4 Nf6 4. d3 Be7 5. c3 O-O 6. O-O d6 7. Nbd2 Na5 8. Bb5 a6 9. Ba4 b5 10. Bc2 c5 11. Re1 Re8 12. Nf1 Bf8 $1 {12...Bf8 is better than 12...h6.} 13. a4 Rb8 {C90: Closed Ruy Lopez with 7...d6: Early deviations.} 14. Ng3 b4 15. d4 b3 16. Bd3 {[#]} c4 $146 (16... exd4 $15 17. cxd4 c4) ({Predecessor:} 16... h6 17. h3 Qc7 18. Be3 exd4 19. cxd4 c4 20. Bb1 c3 21. bxc3 Qxc3 22. e5 dxe5 23. dxe5 Qxa1 {0-1 (32) Gallego Alcaraz,A (2512)-Quesada Perez,Y (2565) chess24.com INT 2020}) 17. Bf1 $14 Bg4 ({Black should play} 17... Bb7 $14) 18. Be3 Nd7 19. h3 Bxf3 20. Qxf3 g6 21. dxe5 dxe5 22. Red1 Qc7 23. h4 Nc5 24. h5 (24. Rd5 $14) 24... Rbd8 25. h6 (25. Bxc5 $14 Bxc5 26. Qf6) 25... Rxd1 $15 26. Qxd1 Rd8 27. Qg4 Qd7 $2 {[#]} (27... Nd3 $17 {stays on course.} 28. Rb1 Qc6) 28. Qf3 $2 (28. Nh5 $1 $16 {[%cal Rh5f6][%mdl 512] is forced if you want to stay better. Hoping for Nf6+.} Be7 29. Qf3) 28... Qe6 29. Bg5 Be7 ({Better is} 29... Rd6 $17) 30. Bxe7 $11 Qxe7 31. Rd1 Rxd1 (31... Nxa4 $6 32. Ra1 $14) 32. Qxd1 Qd7 33. Qf3 Qe6 34. Qe3 $40 {[%mdl 128] White is up to no good.} Qc6 (34... Qd6 $11) 35. Qd2 $1 $14 {[%cal Rd2d8] White wants to mate with Qd8+.} Ne6 {[#]} (35... Ncb7 $14) 36. Nf5 $1 $16 {[%cal Rf5e7][%mdl 512] Threatens to win with Ne7+.} Kf8 ({Wrong is} 36... gxf5 $2 37. exf5 Nb7 38. fxe6 $18) ({But not} 36... Qxe4 $2 37. Ne7+ Kf8 38. Qd6 $18) 37. Ng7 {Strongly threatening Nxe6+.} Ke7 (37... Qc7 $16) 38. Nxe6 $18 Qxe6 39. Qg5+ Kd7 40. g3 Kc7 41. Qe3 Qb6 {Threatening ...Qxe3.} 42. Qf3 Qe6 43. Kh2 $1 Nb7 44. Qe3 Qc6 45. f4 $1 f6 46. fxe5 fxe5 47. Qg5 (47. Qf2 $18) 47... Qe6 $16 48. Qe3 {Black must now prevent Qf2.} Kc6 $2 (48... Qc6 $11 {and Black stays safe.}) 49. Qa7 $18 Kc7 {[#]} 50. a5 (50. Qf2 $1 $18) 50... Qd7 (50... g5 $16) 51. Qb6+ ({Not} 51. Bxc4 Qd2+ 52. Kg1 Qe1+ 53. Bf1 (53. Kh2 Qd2+ 54. Kh1 Qe1+ 55. Kh2 Qd2+ $11) 53... Qxg3+ 54. Kh1 Qh4+ 55. Kg2 Qg4+ 56. Kh2 Qh4+ 57. Kg2 Qxe4+ 58. Kg1 Qe1 $11) 51... Kb8 {[#] White should prevent ...Qd2+.} 52. Bxc4 $2 (52. Qf2 $1 $18) 52... Qd2+ $11 {[%mdl 64] Double Attack. The position is equal.} 53. Kg1 Qc1+ 54. Bf1 Qxb2 55. Bxa6 {[%csl Ga6][%cal Rb6b7]} Qc1+ 56. Kg2 {[%csl Ga6][%cal Rb6b7]} Qc2+ 57. Kg1 {[%csl Ga6][%cal Rb6b7]} Qc1+ 58. Kg2 {[%csl Ga6][%cal Rb6b7]} Qc2+ 59. Kg1 {[%csl Ga6][%cal Rb6b7]} Qc1+ {Weighted Error Value: White=0.24/Black=0.39} 1/2-1/2

[Event "EYCC Girls U20 2021"]
[Site "Tornelo"]
[Date "2021.10.15"]
[Round "5.3"]
[White "Konecny, Sophie"]
[Black "Hereklioglu, Sude"]
[Result "0-1"]
[WhiteElo "1864"]
[BlackElo "1905"]
[Annotator "TA"]
[PlyCount "88"]
[EventDate "2021.10.15"]
[EventType "swiss"]
[EventCountry "NET"]
[SourceTitle "playchess.com"]
[Source "ChessBase"]
[SourceQuality "1"]

{[%evp 21,88,41,42,32,43,27,12,7,25,8,8,9,13,3,16,15,19,-73,-77,-79,-69,-93,-69,-60,-61,-144,-85,-162,-164,-142,-147,-295,-255,-236,-169,-281,-272,-372,-105,-93,0,0,0,-12,0,-76,0,0,0,-993,245,-143,-48,-206,-197,-184,-189,-458,-55,-2216,-1787,-29980,-29981,-29977,-29978,-29978,-6043,-29980,-29978]} 1. d4 Nf6 2. c4 c5 3. d5 e6 4. Nf3 exd5 5. cxd5 d6 6. g3 g6 7. Bg2 Bg7 8. O-O O-O 9. Nc3 a6 10. a4 b6 11. Re1 Re8 12. e4 {A62: Modern Benoni: Fianchetto Variation without early ...Nbd7.} Bg4 13. h3 Bxf3 14. Bxf3 {The position is equal.} Nbd7 {[%cal Bb8d7,Bd7c5,Bc5b3][%mdl 32]} 15. Bg2 c4 {[#]} 16. Bf1 $146 ({Predecessor:} 16. Be3 Nc5 17. Bxc5 bxc5 18. e5 Rxe5 19. Rxe5 dxe5 20. Qe2 Rb8 21. Qxc4 Qa5 22. Rd1 Rxb2 {½-½ (46) Sorin,A (2230)-Campos Gambuti,L Neuquen 1986}) 16... Qc7 17. Rb1 Rab8 18. Bd2 b5 19. Qc2 (19. b4 $11 {remains equal.}) 19... Nc5 $17 20. f3 Nfd7 21. Kg2 Ne5 22. axb5 axb5 23. Nd1 (23. Na2 $1 $15) 23... Ned3 (23... f5 $142 {Threatens to win with ...fxe4.} 24. Nf2 fxe4 25. fxe4 Rf8) 24. Re2 (24. Bxd3 $17 Nxd3 25. Re2) 24... Nb3 $19 {White must now prevent ...Nd4.} 25. Bc3 Bd4 26. Be1 (26. Re3 $17 Bxe3 27. Nxe3) 26... Bc5 27. Bc3 Qd8 28. Ne3 (28. Re3 $142 Bxe3 29. Nxe3) 28... f5 29. Qd1 Bxe3 $2 (29... Qg5 $19 {is more deadly.} 30. h4 Qh5) 30. Rxe3 $17 Qg5 ({Black should play} 30... b4 $17 31. Bd2 (31. Bxd3 bxc3 32. Bxc4 Nd2 $17 {[%mdl 64] Double Attack}) 31... Nxd2 32. Qxd2 fxe4 33. Rxe4 Rxe4 34. fxe4 Ne5) 31. Rxd3 $11 cxd3 32. Qxb3 fxe4 {And now ...b4! would win.} 33. f4 (33. Qb4 $11 exf3+ 34. Kh1 Qxg3 35. Qd4) 33... Qh5 (33... Qf5 $1 $17 {aiming for ...e3.} 34. Bb4 Rbc8 35. Bxd6 Rc2+ 36. Kh1 e3 37. Qxd3 e2 38. Qxf5 gxf5) 34. g4 Qh4 35. Re1 $2 {[%mdl 8192]} (35. Qb4 $11 Rbc8 36. Qxb5 (36. Qd4 Rxc3 37. Qxc3 e3 $11)) 35... h5 $4 {[%mdl 8192]} (35... e3 $19 36. Bxd3 Qf2+ 37. Kh1 Qf3+ 38. Kh2 Qxf4+ 39. Kh1 e2) 36. Qd1 $2 (36. Qb4 $1 $18 {[%cal Rb4d6]} Rbc8 37. Rxe4 (37. Qxd6 Rxc3 {[%mdl 64] Remove Defender} 38. bxc3 Qxe1 $11) 37... hxg4 38. Qd4 (38. Qxd6 gxh3+ 39. Kh1 Qg3 $11) 38... Qxh3+ 39. Kg1) 36... Kf7 (36... b4 $1 $17 {[%cal Rb4c3]} 37. Bd4 Rbc8) 37. Bd4 {[#]} ({White should try} 37. Re3 $15) 37... Rbc8 $1 $19 {[%cal Rc8c2][%mdl 1024] Black has strong compensation.} 38. Bf2 Qf6 $36 {[%csl LRb2,LRf4][%mdl 2048] Black is in control.} ({Don't go for} 38... Rc2 $2 {[#]} 39. Qxc2 $3 {[%mdl 512]} Qxh3+ 40. Kxh3 $18) 39. b3 $2 (39. gxh5 Qxf4 40. Qg4 Qxg4+ 41. hxg4) 39... Rc2 $2 (39... Qxf4 $19 {...Rc2! is the strong threat.} 40. Bxd3 exd3 41. Qxd3 Rxe1 42. Bxe1 hxg4) 40. Kg1 $2 {[%mdl 8192]} (40. Bxd3 $15 exd3 41. Rxe8 hxg4 42. hxg4 (42. Qe1 $2 gxh3+ 43. Kg3 d2 $19)) 40... Qxf4 41. Re2 dxe2 42. Qxc2 exf1=Q+ 43. Kxf1 e3 (43... hxg4 $142 44. hxg4 e3 {[%mdl 64] Pin} 45. g5 e2+ 46. Qxe2 Rxe2 47. Kxe2 Qxg5 48. Be3 Qxd5 49. b4 Qe4 50. Kd2 Qxb4+ 51. Kd1 Qc4 52. Bg5 b4 53. Bc1 Qa2 54. Be3 b3 55. Bd4 Qc2+ 56. Ke1 Qe4+ {[%mdl 64] Double Attack} 57. Kf1 Qxd4 58. Ke2 b2 59. Kf3 b1=Q 60. Kg2 Qbg1+ 61. Kh3 Qh8#) 44. Qc7+ Re7 {[%csl Ge3][%cal Rf4f2] Weighted Error Value: White=1.25/Black=0.82} 0-1

[Event "EYCC Girls U20 2021"]
[Site "Tornelo"]
[Date "2021.10.15"]
[Round "5.4"]
[White "Afonasieva, Anna"]
[Black "Cvitan, Ena"]
[Result "1-0"]
[WhiteElo "2227"]
[BlackElo "2260"]
[Annotator "TA"]
[PlyCount "103"]
[EventDate "2021.10.15"]
[EventType "swiss"]
[EventCountry "NET"]
[SourceTitle "playchess.com"]
[Source "ChessBase"]
[SourceQuality "1"]

{[%evp 9,103,-14,7,-14,6,-9,34,14,60,60,60,60,79,58,65,35,29,32,22,28,78,75,74,83,84,88,170,179,162,167,160,163,189,172,169,175,174,127,217,221,208,166,185,134,150,139,185,184,194,185,291,285,291,277,305,260,260,260,304,210,204,209,197,197,191,195,203,178,179,174,242,239,233,237,251,251,251,249,277,268,372,372,514,503,498,494,512,506,479,487,502,337,614,606,29994,29995]} 1. d4 d5 2. Bf4 e6 3. e3 Nf6 4. Nd2 Bd6 5. Bg3 c5 6. c3 {D00: 1 d4 d5: Unusual lines.} Qc7 7. dxc5 Bxg3 8. hxg3 {White is slightly better.} Qxc5 {[#]} 9. g4 $146 ({Predecessor:} 9. Ngf3 Nbd7 10. Bd3 Qb6 11. b4 h6 12. O-O O-O 13. Qe2 Re8 14. e4 dxe4 15. Nxe4 Nxe4 16. Bxe4 {½-½ (71) Neef,M (2479)-Hansen,S (2581) Germany 2019}) 9... Nc6 10. g5 Ne4 11. Nxe4 dxe4 12. g6 fxg6 13. Qc2 Qd5 14. Ne2 Ne5 {And now ...Nd3+ would win.} 15. Nf4 Qc6 16. O-O-O O-O 17. Rd4 Nd3+ (17... Bd7 $16) 18. Nxd3 $18 (18. Bxd3 $6 exd3 19. Rxd3 e5 $14) 18... exd3 19. Qxd3 e5 20. Rd6 {[%cal Rd6c6]} Bf5 21. Qc4+ Qxc4 22. Bxc4+ Kh8 23. f3 g5 (23... Rad8 $16 {was necessary.} 24. Rhd1 Rxd6 25. Rxd6 e4) 24. e4 Bc8 25. Rg6 g4 26. fxg4 $40 {[%mdl 128] White has strong attack.} (26. Rd6 $18) 26... Rf4 27. g5 Rxe4 {[#]} 28. Rd6 $1 {[%cal Rd6d8]} Bf5 {[#]} 29. Rhd1 $1 {Rd8+ would kill now.} h5 {[#]} (29... h6 {is a better defense.}) 30. g6 $1 Bxg6 31. Bd3 Bf5 {intending ...Rf4.} 32. Bxe4 Bxe4 {[%mdl 4096] Endgame KRR-KRB} 33. Rh1 g6 34. Rh4 Bxg2 35. Rxg6 {[%cal Rh4h5]} Bf3 36. Kd2 Rd8+ 37. Ke3 e4 38. Rh2 Kh7 39. Re6 Rd3+ (39... Kg7 $142 40. Re7+ {[%mdl 64] Double Attack} Kg6 41. Rxb7 Kf5 42. Rf7+ (42. Rxa7 Rd3+ 43. Kf2 Kg4 $11) 42... Kg5 43. Rg7+ (43. Rxa7 Rd3+ 44. Kf2 Kf4 $11) 43... Kf5 44. Rf7+ (44. Rxa7 Rd3+ 45. Kf2 Kg4 $11) 44... Kg4) 40. Kf4 Rd7 41. c4 Kg7 42. c5 Rf7+ 43. Ke3 a5 44. Rd2 Rc7 45. Rdd6 h4 46. Rg6+ Kf7 47. Rh6 Rxc5 48. Rd7+ Kg8 49. Rxb7 Bh5 50. Ra6 {White threatens Ra8+ and mate.} Re5 $2 (50... Bf7 51. Ra8+ Kg7 52. Kxe4 Kf6) 51. Ra8+ Be8 52. Kf4 {Weighted Error Value: White=0.11/Black=0.47} 1-0

[Event "EYCC Girls U20 2021"]
[Site "Tornelo"]
[Date "2021.10.15"]
[Round "5.5"]
[White "Schulze, Lara"]
[Black "Radeva, Viktoria"]
[Result "1-0"]
[WhiteElo "2250"]
[BlackElo "2314"]
[Annotator "TA"]
[PlyCount "83"]
[EventDate "2021.10.15"]
[EventType "swiss"]
[EventCountry "NET"]
[SourceTitle "playchess.com"]
[Source "ChessBase"]
[SourceQuality "1"]

{[%evp 14,83,11,6,15,15,7,8,10,0,4,0,6,-2,44,-42,-23,-41,-29,-56,-54,-50,-28,-64,-28,-45,0,-30,0,-34,-25,-21,-17,-195,70,66,362,-37,197,0,94,79,60,60,191,100,106,100,302,284,2068,2075,2043,1880,2021,703,2026,2020,1958,1917,1530,1098,1058,941,995,1025,1185,1175,1206,1180,1068,1145]} 1. e4 e6 2. d4 d5 3. Nd2 c5 4. Ngf3 cxd4 5. Nxd4 Nc6 6. Bb5 Bd7 7. Nxc6 bxc6 8. Bd3 Bd6 {C07: French Tarrasch: 3...c5, 4 Ngf3 and 4 exd5 Qxd5.} 9. Qe2 Ne7 {9...e5 is the modern continuation.} 10. Nf3 Ng6 {The position is equal.} 11. e5 {11.0-0 is vanishing.} Bc7 12. O-O O-O 13. c4 {[#]} Rb8 $146 ({Predecessor:} 13... f6 14. Bxg6 hxg6 15. b3 g5 16. Ba3 Rf7 17. h3 a5 18. Bc5 Qb8 19. Rfe1 a4 {½-½ (74) Solak,D (2635)-Lupulescu,C (2618) Baku 2016}) 14. c5 (14. Be3 $14) 14... Qe7 $15 15. Bxg6 fxg6 16. Be3 Rf5 17. Bd4 Rbf8 18. b4 g5 19. Nd2 Be8 20. a4 g4 21. Ra3 Qh4 {Hoping for ...g3.} 22. g3 Qh3 23. Re1 $2 {[#]} (23. f3 $11) 23... Rh5 $2 (23... Bxe5 $1 $19 {[%mdl 512]} 24. Qxe5 Rxe5 25. Rxe5 Qh6) 24. Nf1 $1 $14 Bg6 $2 {[%mdl 8192]} (24... a5 $14) 25. Re3 $2 (25. Qa6 $1 $18 {[%cal Ra6c6]}) 25... Bd8 $2 (25... Be4 $2 26. Rxe4 dxe4 27. Qxe4 $18) (25... Rhf5 $1 $15 {stays ahead.}) 26. b5 $2 (26. Qa6 $1 $18) 26... Bg5 (26... Be4 $2 27. Rxe4 dxe4 28. b6 $18) (26... Rhf5 $11) 27. f4 $16 gxf3 28. Rxf3 Bf5 {[#]} (28... Rxf3 $14 29. Qxf3 Bd2) 29. bxc6 ({White should try} 29. Rf2 $1 $18) 29... Qg4 30. Bf2 {Black must now prevent Rb1!} Rc8 $2 {[#]} (30... Bd8 $16 {was necessary.}) 31. Qa6 $1 $18 {[%csl LRa7,LRc8][%mdl 512]} Qxf3 $2 (31... Rf8 32. Rb3 (32. c7 Qxf3 33. c8=Q Bh3 $19) 32... Qc4) 32. Qxc8+ {White is clearly winning.} Kf7 {[#]} 33. Qd7+ $1 Kg6 34. Qe8+ ({But not} 34. c7 $2 Bh3 $19) 34... Kh6 35. Qf8 d4 36. c7 ({Not} 36. h4 Rxh4 37. gxh4 Bf4 $11) 36... Be7 37. Qf7 Qc6 38. c8=Q Qxc8 39. Qxe7 Qc6 40. Qd6 Qf3 41. Qxd4 Bh3 42. Qe3+ {Weighted Error Value: White=0.49/Black=0.79} 1-0

[Event "EYCC Girls U20 2021"]
[Site "Tornelo"]
[Date "2021.10.15"]
[Round "6.1"]
[White "Heydarova, Aytaj"]
[Black "Radeva, Viktoria"]
[Result "0-1"]
[WhiteElo "1637"]
[BlackElo "2314"]
[Annotator "RC"]
[PlyCount "79"]
[EventDate "2021.10.15"]
[EventType "swiss"]
[EventCountry "NET"]
[SourceTitle "playchess.com"]
[Source "ChessBase"]
[SourceQuality "1"]
[TimeControl "5400+30"]

1. e4 {[%emt 0:00:30]} c5 {[%emt 0:00:41]} 2. Nf3 {[%emt 0:00:06]} e6 {[%emt 0:00:07]} 3. d4 {[%emt 0:00:03]} cxd4 {[%emt 0:00:05]} 4. Nxd4 {[%emt 0:00:02]} a6 {[%emt 0:00:06]} 5. Bd3 {[%emt 0:00:14]} Nf6 {[%emt 0:00:27]} 6. O-O {[%emt 0:00:49]} Qc7 {[%emt 0:00:52]} 7. Qe2 {[%emt 0:00:14]} d6 {[%emt 0:00:08]} 8. c4 {[%emt 0:00:04]} g6 {[%emt 0:00:14]} 9. Nc3 {[%emt 0:00:07]} Bg7 {[%emt 0:00:16]} 10. Nf3 {[%emt 0:00:03]} O-O {[%emt 0:01:31]} 11. Bf4 {[%emt 0:01:06]} Nh5 {[%emt 0:02:13]} 12. Be3 {[%emt 0:09:25]} Bxc3 {[%emt 0:02:50]} 13. bxc3 {[%emt 0:00:38]} Nd7 {[%emt 0:01:19]} 14. Nd2 {[%emt 0:03:39]} e5 {[%emt 0:03:08]} 15. Bc2 {[%emt 0:08:15]} Nc5 {[%emt 0:06:45]} 16. Bh6 {[%emt 0:03:12]} Re8 {[%emt 0:01:59]} 17. Rfd1 {[%emt 0:01:31]} Be6 {[%emt 0:04:01]} 18. Nf1 {[%emt 0:11:45]} Nf4 {[%emt 0:13:48]} 19. Qf3 {[%emt 0:00:55]} Bxc4 {[%emt 0:00:43]} 20. Bxf4 {[%emt 0:00:05]} exf4 {[%emt 0:00:06]} 21. Qxf4 {[%emt 0:00:02]} Bxf1 {[%emt 0:01:17]} 22. Kxf1 {[%emt 0:03:06]} Nxe4 {[%emt 0:04:14]} 23. Bb3 {[%emt 0:07:09]} Rad8 {[%emt 0:04:58]} 24. Rac1 {[%emt 0:05:50]} Re5 {[%emt 0:06:06]} 25. Bd5 {[%emt 0:09:13]} Nxf2 {[%emt 0:11:13]} 26. Qxf7+ {[%emt 0:03:17]} Qxf7 {[%emt 0:00:18]} 27. Bxf7+ {[%emt 0:00:02]} Kxf7 {[%emt 0:00:09]} 28. Kxf2 {[%emt 0:00:02]} Ke6 {[%emt 0:01:35]} 29. Rd2 {[%emt 0:00:52]} Rf8+ {[%emt 0:00:18]} 30. Kg1 {[%emt 0:00:07]} Rc8 {[%emt 0:07:09]} 31. Kf2 {[%emt 0:01:09]} Rc4 {[%emt 0:01:32]} 32. h3 {[%emt 0:07:20]} b5 {[%emt 0:04:19]} 33. Rcd1 {[%emt 0:01:59]} d5 {[%emt 0:00:33]} 34. Rd3 {[%emt 0:00:15]} Rf4+ {[%emt 0:01:41]} 35. Kg3 {[%emt 0:00:21]} Rfe4 {[%emt 0:01:27]} 36. R1d2 {[%emt 0:02:04]} Re3+ {[%emt 0:02:33]} 37. Kf2 {[%emt 0:00:07]} Rxd3 {[%emt 0:00:32]} 38. Rxd3 {[%emt 0:00:03]} Re4 {[%emt 0:02:54]} 39. Kf3 {[%emt 0:00:44]} Kd6 {[%emt 0:02:15]} 40. Kg3 {[%emt 0:04:05]} 0-1

[Event "EYCC Girls U20 2021"]
[Site "Tornelo"]
[Date "2021.10.15"]
[Round "6.2"]
[White "Cvitan, Ena"]
[Black "Schulze, Lara"]
[Result "1/2-1/2"]
[WhiteElo "2260"]
[BlackElo "2250"]
[Annotator "TA"]
[PlyCount "72"]
[EventDate "2021.10.15"]
[EventType "swiss"]
[EventCountry "NET"]
[SourceTitle "playchess.com"]
[Source "ChessBase"]
[SourceQuality "1"]

{[%evp 19,72,0,5,-20,-13,-16,-2,-10,-7,-4,7,-36,-34,-67,-71,-73,-21,-24,-13,-71,-6,-62,-58,-73,-52,-66,-56,-68,-11,-10,-12,-7,0,-7,0,7,8,-2,-2,-3,-2,-3,-1,-3,-3,-1,-2,-3,0,0,0,0,0,0,8]} 1. d4 Nf6 2. c4 e6 3. Nc3 Bb4 4. e3 O-O 5. Bd3 d5 6. a3 Bxc3+ 7. bxc3 dxc4 8. Bxc4 c5 9. Ne2 Qc7 10. Bd3 e5 11. e4 {E49: Nimzo-Indian: Rubinstein: 5 Bd3 d5 6 a3 Bxc3+ 7 bxc3.} cxd4 12. cxd4 exd4 13. O-O Nc6 14. f4 {[#]} Kh8 $146 ({Predecessor:} 14... Ng4 15. h3 Ne3 16. Bxe3 dxe3 17. Qc1 Rd8 18. Qxe3 b6 19. Rac1 Bb7 20. Bc4 Qe7 {0-1 (27) Peralta,F (2570)-Visakh,N (2516) Barcelona 2021}) 15. Qe1 Nd7 16. Bb2 Nc5 17. Qg3 Nxd3 (17... f6 $17) 18. Qxd3 $11 Bg4 19. Ng3 (19. Nxd4 $11 {keeps the balance.} Rad8 20. h3) 19... Qb6 (19... f6 $17) 20. Rf2 ({White should try} 20. Rab1 $11) 20... Rad8 $15 21. Rb1 Bc8 22. Ba1 Qa5 23. Rb5 Qe1+ (23... Qa6 $15) 24. Rf1 $11 {The position is equal.} Qe3+ 25. Qxe3 dxe3 26. Rb3 Nd4 27. Rxe3 Nc2 28. Rc3 Nxa1 29. Rxa1 Bd7 30. Rd1 {[#] Black must now prevent Rcd3.} Bc6 31. Rcd3 Rxd3 32. Rxd3 g6 33. Kf2 Re8 34. e5 Kg7 35. Ne2 f6 36. Nd4 Re7 {Weighted Error Value: White=0.14/Black=0.16} 1/2-1/2

[Event "EYCC Girls U20 2021"]
[Site "Tornelo"]
[Date "2021.10.15"]
[Round "6.3"]
[White "Hereklioglu, Sude"]
[Black "Afonasieva, Anna"]
[Result "1/2-1/2"]
[WhiteElo "1905"]
[BlackElo "2227"]
[Annotator "TA"]
[PlyCount "122"]
[EventDate "2021.10.15"]
[EventType "swiss"]
[EventCountry "NET"]
[SourceTitle "playchess.com"]
[Source "ChessBase"]
[SourceQuality "1"]

{[%evp 19,122,-10,22,18,39,41,41,38,42,52,37,31,123,112,116,113,95,106,103,119,199,181,184,185,256,224,208,0,0,0,0,0,0,-10,0,-1,0,0,35,35,37,32,158,142,175,199,170,8,76,76,480,477,477,477,435,0,0,0,0,0,7,7,7,0,0,0,0,0,8,8,27,0,0,0,0,0,0,0,0,0,0,0,0,0,0,0,0,0,0,0,0,0,0,0,0,0,0,0,0,0,0,0,0,0,0]} 1. Nf3 d5 2. g3 Nf6 3. Bg2 g6 4. O-O Bg7 5. d3 O-O 6. Nbd2 c5 7. e4 Nc6 8. Re1 e5 9. exd5 Nxd5 10. Nc4 Re8 11. Ng5 {A08: King's Indian Attack.} f5 12. f4 h6 13. Nh3 {White is slightly better.} Kh7 14. c3 {[#]} b5 $146 ({Predecessor:} 14... Rb8 15. fxe5 Nxe5 16. Nf4 Nc7 17. Nxe5 Rxe5 18. Rxe5 Bxe5 19. Be3 b6 20. Qb3 Qf8 {1-0 (46) Lazic,M (2454)-Shishkin,V (2507) Milan 2009}) 15. Nxe5 Nxe5 (15... Bb7 $14) 16. fxe5 $16 Rb8 17. Nf4 Bb7 18. d4 cxd4 19. cxd4 g5 (19... Rc8 $16 20. Bxd5 Bxd5) 20. Nxd5 $18 Bxd5 21. Be3 Rc8 (21... Kh8 {might work better.} 22. Bxd5 Qxd5) 22. Qd3 Rf8 {intending ...Bxg2.} 23. g4 $2 (23. Bxd5 $18 Qxd5 24. Rac1) 23... Bxg2 $11 24. Kxg2 {Strongly threatening Bf2.} Qd5+ 25. Kg1 {Bf2 is the strong threat.} Bxe5 26. gxf5 Bf6 (26... Kh8 {feels hotter.} 27. Rac1 Rxc1 28. Rxc1 Rd8 29. Bf2 Bxd4 30. Qxd4+ Qxd4 31. Bxd4+ Rxd4 32. Rc6 Kg7) 27. Bf2 Kh8 28. Rac1 Rc4 (28... Kg7 {feels hotter.} 29. Rcd1 Rfe8 30. Rxe8 Rxe8 31. Rc1 Re4) 29. Rxc4 bxc4 30. Qe4 Qb5 (30... Rd8 $14) 31. d5 $1 $16 Qxb2 32. Qxc4 Qd2 {[#]} 33. Qc5 $2 (33. Re6 $1 $18) 33... Rd8 (33... Bg7 $11 {remains equal.}) 34. Qc6 ({Reject} 34. Qxa7 Qxd5 35. a4 Qxf5 $11) 34... Bd4 {[%mdl 8192]} (34... Rf8 $16 {is a better chance.}) 35. Qxh6+ $18 Kg8 36. Qe6+ Kh8 {[#]} 37. Qe2 ({Better is} 37. Kh1 $1 $18 Qxf2 38. Qh6+ {[%mdl 64] Double Attack} Kg8 39. Qxg5+ {[%mdl 64] Double Attack} Bg7 40. Qxd8+ Kh7 41. Qe7 Qf3+ 42. Kg1 Qg4+ 43. Kh1 Qf3+ 44. Kg1 Qg4+ 45. Kh1 Qf3+) 37... Bxf2+ $11 38. Kxf2 Rxd5 39. Qxd2 Rxd2+ {[%mdl 4096] Endgame KR-KR} 40. Re2 Rd5 41. Re8+ Kg7 42. Re7+ Kf6 43. Rxa7 Kxf5 44. Ke3 Rd1 45. a4 Rh1 {The position is equal.} 46. a5 Rxh2 47. a6 Ra2 48. Kf3 Ra3+ (48... g4+ {with more complications.} 49. Kg3 Ra3+ 50. Kf2 Ra2+ 51. Kg3) 49. Kf2 Kg4 50. Ra8 Ra2+ 51. Ke3 Kg3 52. a7 g4 53. Ke4 (53. Kd4 {seems wilder.} Kg2 54. Kc5 g3 55. Kb6 Ra4 56. Rh8) 53... Ra4+ 54. Ke3 (54. Kd5 {is interesting.} Kg2 55. Kc6 g3 56. Kb7 Kg1 57. Re8) 54... Kg2 55. Rg8 (55. Kd3 {looks sharper.} g3 56. Kc3 Kg1 57. Kb3 Ra6 58. Kb4) 55... Rxa7 56. Rxg4+ Kh3 57. Rg8 Re7+ 58. Kf4 Rf7+ 59. Ke3 Re7+ 60. Kf4 Rf7+ 61. Ke3 Re7+ {Weighted Error Value: White=0.25/Black=0.40} 1/2-1/2

[Event "EYCC Girls U20 2021"]
[Site "Tornelo"]
[Date "2021.10.15"]
[Round "6.4"]
[White "Sliwicka, Alicja"]
[Black "Konecny, Sophie"]
[Result "1-0"]
[WhiteElo "2304"]
[BlackElo "1864"]
[Annotator "TA"]
[PlyCount "69"]
[EventDate "2021.10.15"]
[EventType "swiss"]
[EventCountry "NET"]
[SourceTitle "playchess.com"]
[Source "ChessBase"]
[SourceQuality "1"]

{[%evp 18,69,0,0,8,0,16,6,54,18,262,247,281,303,330,326,331,310,388,402,456,429,524,488,647,647,618,625,1035,1018,1020,1020,1020,999,983,945,1000,973,811,654,669,666,694,712,714,687,678,677,5422,5414,6270,2294,2203,1991]} 1. e4 e6 2. Nf3 d5 3. Nc3 Nf6 4. e5 Nfd7 5. d4 c5 6. dxc5 Bxc5 7. Bd3 Nc6 8. Bf4 f6 9. exf6 Nxf6 {9...Qxf6 injects fresh life into this line.} 10. Qe2 a6 {C11: French: Classical System: 4 e5 and 4 Bg5 dxe4.} 11. O-O-O Qe7 {[#]} 12. Ne5 $146 ({Predecessor:} 12. h4 Bd7 13. h5 Nb4 14. h6 Nxd3+ 15. Rxd3 g6 16. Re1 O-O 17. Bg5 Rae8 18. Rdd1 {1-0 (26) Vrublevskaya,O (2148)-Monina,P Smolensk 2005}) 12... Nd4 {The position is equal.} 13. Qd2 {Strongly threatening Bg6+!} (13. Qe1 $5 {[%cal Rd3g6]}) 13... Bd7 $2 {[#]} (13... O-O $11 {and Black is okay.}) 14. Bg6+ $1 $18 {[%mdl 512]} hxg6 (14... Kf8 15. Bg5) 15. Nxg6 {[%mdl 64] Double Attack} Qf7 16. Nxh8 Qh5 {[#]} 17. Be3 $1 e5 {[#]} (17... O-O-O 18. Bxd4) 18. f4 $1 {Black must now prevent fxe5.} Ng4 {[#] Threatens to win with ...Nb3+!} (18... Bf5 19. fxe5) 19. Bg1 $1 {White is clearly winning.} O-O-O (19... Bb4 20. h3) 20. fxe5 (20. Bxd4 $2 exd4 21. Ne2 Ne3 $19) 20... Ne6 21. Bxc5 Nxc5 22. Nxd5 Qxh8 23. Nb6+ Kb8 24. Qd6+ {[%mdl 64] Double Attack} Ka7 25. Nxd7 Nxd7 26. Qd4+ Ka8 27. Qxg4 Nxe5 28. Qg5 Rxd1+ 29. Rxd1 {aiming for Rd8+.} Qxh2 {[%mdl 4096] Endgame KQR-KQN} 30. Qd8+ Ka7 31. Qd6 {Intending Qc5+ and mate.} Qf4+ 32. Kb1 {White wants to mate with Qc5+.} Qg5 33. Qc5+ Ka8 {[#]} 34. Re1 (34. Rd7 $142 $3 {[%mdl 512]} Qc1+ 35. Kxc1 Nxd7 36. Qc7) 34... Qxg2 35. Qxe5 {White took control after the opening.  Weighted Error Value: White=0.13/Black=0.73} 1-0